000 01156nam a2200313 i 4500
003 EG-GICUC
005 20260507165445.0
008 260507s1986 ua ||||fr|||| 00| 0 ara d
017 _a1986/5281
020 _a977-04-0265-6
040 _a EG-GICUC
_bara
_c EG-GICUC
_d EG-GICUC
_erda
041 0 _aara
082 0 4 _221
_a345.8222
_bز ي . ت
092 0 4 _221
099 _aLaw1 07 ز ي . ت 345.82221986
100 0 _aزين بدر فراج
_eمؤلف.
245 1 2 _aالتعهد بالانتظام في الدراسة وبخدمة الحكومة في أحكام القضاء الإدارى المصرى /
_cدكتور زين بدر فراج.
264 1 _aالقاهرة :
_bدار النهضة العربية،
_c1986.
300 _a703 ؛ صفحة
_c24 سم.
336 _2rda content
_atext
337 _2rda media
_aComputer
338 _2rda carrier
_aOnline Resource
546 _aالنص باللغة العربية
650 1 4 _aالقانون الإداري
650 1 4 _aمسائل تخص القضاء الإداري
856 4 0 _uhttps://fll.law.cu.edu.eg/fulltext/bks/B07-04025.pdf
905 _a77
942 _2ddc
_n0
_cBK
_e21
999 _c76200
_d76200